000 01623pam a2200373 a 4500
001 2994661
003 OSt
005 20160307144943.0
008 930104s1993 ilua b 101 0 eng
010 _a 93000017
020 _a0226114392 (cloth : alk. paper)
020 _a0226114406 (paper : alk. paper)
040 _aDLC
_cDLC
_dDLC
043 _af------
050 0 0 _aGN645
_b.M57 1993
082 0 0 _a303.4
_220
_bMOD 1993
245 0 0 _aModernity and its malcontents :
_britual and power in postcolonial Africa /
_cedited by Jean Comaroff and John Comaroff.
260 _aChicago :
_bUniversity of Chicago Press,
_c1993.
300 _axxxvii, 233 p. :
_bill. ;
_c24 cm.
500 _aPapers presented at a conference held in the winter of 1990 at the University of Chicago.
504 _aIncludes bibliographical references and index.
650 0 _aRites and ceremonies
_zAfrica
_vCongresses.
_97115
650 0 _aWitchcraft
_zAfrica
_vCongresses.
_97116
650 0 _aPower (Social sciences)
_vCongresses.
_97117
651 0 _aAfrica
_xPolitics and government
_vCongresses.
_97118
651 0 _aAfrica
_xSocial life and customs
_vCongresses.
_97119
700 1 _aComaroff, Jean.
_97120
700 1 _aComaroff, John L.,
_d1945-
_97121
856 4 2 _3Publisher description
_uhttp://www.loc.gov/catdir/description/uchi051/93000017.html
856 4 1 _3Table of contents
_uhttp://www.loc.gov/catdir/toc/uchi051/93000017.html
906 _a7
_bcbc
_corignew
_d1
_eocip
_f19
_gy-gencatlg
942 _2ddc
_cSLOAN
999 _c3182
_d3182